| 000 | 01095 a2200241 4500 | ||
|---|---|---|---|
| 005 | 20080825150116.0 | ||
| 008 | 080825t xxu||||| |||| 00| 0 hin d | ||
| 010 | _aHIN-83032 | ||
| 020 |
_c125.00 _a8186409939 |
||
| 035 | _aHN-55378 | ||
| 037 | _bपु.प्र.अ.प्र/प्रका | ||
| 082 | _a821 | ||
| 100 | _aइला प्रसाद | ||
| 245 |
_aधूप का टुकड़ा / _cइला प्रसाद |
||
| 246 |
_aDhoop kaa Tukda _bby Ila Prasad |
||
| 260 |
_aदिल्ली _bजनवाणी प्रकाशन _c2007 |
||
| 270 |
_a30/35-36, गली नं9, विश्वास नगर, शाहदरा _bदिल्ली _e110032 |
||
| 300 |
_a88पृ _c22सेमी (सजिल्द) |
||
| 650 | _aहिन्दी कविताएँ | ||
| 650 | _aHindi Poems | ||
| 942 |
_adpl _cHN _k821 / इलाप्र _2ddc _h821 _mइलाप्र |
||
| 999 |
_c11528 _d11528 |
||